FMD review starts in Brussels (Record no. 69609)
[ view plain ]
| 000 -LEADER | |
|---|---|
| fixed length control field | 01131cam a2200193 4500 |
| 001 - CONTROL NUMBER | |
| control field | WB3808-30 |
| 008 - FIXED-LENGTH DATA ELEMENTS--GENERAL INFORMATION | |
| fixed length control field | 020227n2002 000 0 eng u |
| 035 ## - SYSTEM CONTROL NUMBER | |
| System control number | (Sirsi) u116872 |
| 245 ## - TITLE STATEMENT | |
| Title | FMD review starts in Brussels |
| 260 ## - PUBLICATION, DISTRIBUTION, ETC. | |
| Date of publication, distribution, etc. | 2002 |
| 490 ## - SERIES STATEMENT | |
| Series statement | European Parliament Press Release |
| Volume/sequential designation | 22 February 2002, (2) |
| 520 ## - SUMMARY, ETC. | |
| Summary, etc. | The European Parliament's temporary committee on the outbreak of foot-and-mouth disease held its first meeting on 21 February in Brussels. Its tasks will be to assess EU policy and controls on meat imports from third countries; analyse the management of the epidemic; assess the cost to the EU budget; make proposals on combating animal diseases in the agricultural sector and look into vaccination policy. The committee will invite government and European Commission representatives and officials to attend its hearings before making its final report and recommendations. The committee's mandate runs for twelve months. |
| 590 ## - LOCAL NOTE (RLIN) | |
| Local note | WB |
| 650 ## - SUBJECT ADDED ENTRY--TOPICAL TERM | |
| Topical term or geographic name entry element | FOOT-AND-MOUTH DISEASE |
| 650 ## - SUBJECT ADDED ENTRY--TOPICAL TERM | |
| Topical term or geographic name entry element | EUROPEAN PARLIAMENT |
| 650 ## - SUBJECT ADDED ENTRY--TOPICAL TERM | |
| Topical term or geographic name entry element | ANIMAL HEALTH |
| 690 ## - LOCAL SUBJECT ADDED ENTRY--TOPICAL TERM (OCLC, RLIN) | |
| Topical term or geographic name as entry element | RURAL-AGRICULTURE AND FORESTRY |
| 942 ## - ADDED ENTRY ELEMENTS (KOHA) | |
| Suppress in OPAC | 0 |
| Withdrawn status | Lost status | Source of classification or shelving scheme | Damaged status | Not for loan | Home library | Current library | Shelving location | Date acquired | Total Checkouts | Full call number | Barcode | Date last seen | Copy number | Price effective from | Koha item type |
|---|---|---|---|---|---|---|---|---|---|---|---|---|---|---|---|
| Dewey Decimal Classification | London | London | News article | 27/02/2002 | WB3808-30 | 116872-1001 | 06/08/2019 | 1 | 06/08/2019 | News article |